00922nam a2200265Ia 450000100060000000300090000600800410001504000130005604000130006904100120008210000180009410000290011224500550014124500660019625000110026226000110027326000270028426000490031130000590036050000800041965000410049965000310054070000310057170000540060271505IT-RoPAU130308s9999 xx 000 0 und d aIT-RoPAU cIT-RoPAU aINGLESE aMcquail Denis gCodice Aut. SPICS: 3933 2aA New Media Order in Europe-Actuality or Illusion? bNew Media Politics-Comparative Perspectives in western Europe a2a ed. aLONDON bSage Publications B.H. c1987 [1° Ed.:1986 - Ed.Ling.Originale:1986] a"12 p. (prefazione: no ; testo: 12 [pagine: 197-208])" aNuovi Media in Europa Mito o Realta'? Politica Europea Europa e Stati Uniti aPOLITICA DELLA COMUNICAZIONE SOCIALE eCodice materia Spics: 3803 aSiune KarenTunstall Jeremy gCodice Aut. SPICS: 24731Codice Aut. SPICS: 304